[Event "European Senior Team Championship 2021"]
[Site "Don Giovanni hotel, Vinohradska 2733, Prague, Czech Republic"]
[Date "2021.09.02"]
[Round "4"]
[Board "3"]
[White "Malmdin, Nils-Ake"]
[Black "Becvar, Miroslav"]
[Result "1-0"]
[WhiteElo "2150"]
[BlackElo "1863"]
[PlyCount "0"]
[EventDate "2021.08.30"]
[EventType "team"]
[EventRounds "9"]
[EventCountry "ECX"]
[WhiteTeam "SWEDEN 1"]
[BlackTeam "SK PLZEN"]

1. e4 {[%clk 1:30:24]} e6 {[%clk 1:30:56]} 2. d4 {[%clk 1:30:09]} d5
{[%clk 1:31:21]} 3. e5 {[%clk 1:29:44]} c5 {[%clk 1:31:36]} 4. c3
{[%clk 1:29:48]} Nc6 {[%clk 1:32:02]} 5. Nf3 {[%clk 1:29:59]} cxd4
{[%clk 1:27:46]} 6. cxd4 {[%clk 1:30:00]} Bb4+ {[%clk 1:27:38]} 7. Nc3
{[%clk 1:30:10]} Nge7 {[%clk 1:26:00]} 8. Bd3 {[%clk 1:27:48]} Ng6
{[%clk 1:20:11]} 9. h4 {[%clk 1:17:22]} Qc7 {[%clk 1:04:34]} 10. Qc2
{[%clk 0:54:49]} a6 {[%clk 1:00:00]} 11. Bg5 {[%clk 0:47:40]} Be7
{[%clk 0:48:36]} 12. h5 {[%clk 0:33:35]} Nb4 {[%clk 0:48:42]} 13. Qd1
{[%clk 0:32:09]} Nxd3+ {[%clk 0:48:19]} 14. Qxd3 {[%clk 0:32:36]} Nf8
{[%clk 0:48:39]} 15. h6 {[%clk 0:28:29]} g6 {[%clk 0:45:42]} 16. Rc1
{[%clk 0:25:47]} Qd8 {[%clk 0:42:14]} 17. Qd2 {[%clk 0:23:51]} Bd7
{[%clk 0:37:37]} 18. a4 {[%clk 0:20:56]} Rc8 {[%clk 0:32:24]} 19. Qf4
{[%clk 0:18:49]} Rc4 {[%clk 0:30:02]} 20. O-O {[%clk 0:13:38]} Bc6
{[%clk 0:26:09]} 21. b3 {[%clk 0:13:09]} Rb4 {[%clk 0:26:38]} 22. Bxe7
{[%clk 0:13:21]} Qxe7 {[%clk 0:27:04]} 23. Nd2 {[%clk 0:13:31]} a5
{[%clk 0:17:46]} 24. Na2 {[%clk 0:12:13]} Rb6 {[%clk 0:18:07]} 25. Rc5
{[%clk 0:12:19]} Nd7 {[%clk 0:18:09]} 26. Rxa5 {[%clk 0:12:08]} O-O
{[%clk 0:18:27]} 27. b4 {[%clk 0:12:18]} Rxb4 {[%clk 0:16:07]} 28. Nxb4
{[%clk 0:12:39]} Qxb4 {[%clk 0:16:36]} 29. Rc5 {[%clk 0:12:49]} f6
{[%clk 0:17:05]} 30. Rxc6 {[%clk 0:08:05]} bxc6 {[%clk 0:17:34]} 31. Rb1
{[%clk 0:08:33]} fxe5 {[%clk 0:16:25]} 32. Qg5 {[%clk 0:06:03]} Qd6
{[%clk 0:16:10]} 33. dxe5 {[%clk 0:05:53]} Nxe5 {[%clk 0:14:37]} 34. Rb7
{[%clk 0:06:14]} Nd7 {[%clk 0:15:05]} 35. a5 {[%clk 0:06:13]} Qe5
{[%clk 0:05:20]} 36. Nf3 {[%clk 0:04:35]} Qa1+ {[%clk 0:03:12]} 37. Kh2
{[%clk 0:05:02]} Rf7 {[%clk 0:03:05]} 38. Qd8+ {[%clk 0:04:09]} Nf8
{[%clk 0:03:06]} 39. Rxf7 {[%clk 0:04:17]} Kxf7 {[%clk 0:03:34]} 40. Qc7+
{[%clk 0:04:33]} Kf6 {[%clk 0:02:48]} 41. Qg7+ {[%clk 0:04:55]}  1-0

[Event "European Senior Team Championship 2021"]
[Site "Don Giovanni hotel, Vinohradska 2733, Prague, Czech Republic"]
[Date "2021.09.02"]
[Round "4"]
[Board "4"]
[White "Danek, Vaclav"]
[Black "Hammar, Bengt"]
[Result "1-0"]
[WhiteElo "1832"]
[BlackElo "2130"]
[PlyCount "0"]
[EventDate "2021.08.30"]
[EventType "team"]
[EventRounds "9"]
[EventCountry "ECX"]
[WhiteTeam "SK PLZEN"]
[BlackTeam "SWEDEN 1"]

1. c4 {[%clk 1:30:46]} g6 {[%clk 1:30:15]} 2. Nc3 {[%clk 1:31:10]} Bg7
{[%clk 1:30:28]} 3. g3 {[%clk 1:31:34]} e5 {[%clk 1:30:02]} 4. Bg2
{[%clk 1:31:55]} d6 {[%clk 1:30:07]} 5. d3 {[%clk 1:32:12]} Nd7 {[%clk 1:27:44]}
6. e4 {[%clk 1:31:12]} Ne7 {[%clk 1:26:59]} 7. Nge2 {[%clk 1:31:17]} O-O 8. O-O
f5 {[%clk 1:25:35]} 9. f4 {[%clk 1:31:27]} Nc6 {[%clk 1:22:48]} 10. Be3
{[%clk 1:31:31]} Nd4 {[%clk 1:20:39]} 11. Rb1 {[%clk 1:26:53]} Nc5
{[%clk 1:14:50]} 12. b4 {[%clk 1:26:26]} Nce6 {[%clk 1:15:15]} 13. Kh1
{[%clk 1:26:24]} c6 {[%clk 1:10:33]} 14. Bg1 {[%clk 1:26:20]} Kh8
{[%clk 1:09:20]} 15. Nxd4 {[%clk 1:25:07]} Nxd4 {[%clk 0:58:50]} 16. Ne2
{[%clk 1:25:09]} Ne6 {[%clk 0:56:04]} 17. d4 {[%clk 1:23:56]} exd4
{[%clk 0:47:34]} 18. Nxd4 {[%clk 1:24:03]} fxe4 {[%clk 0:45:18]} 19. Bxe4
{[%clk 1:23:29]} Qf6 {[%clk 0:42:03]} 20. Nxe6 {[%clk 1:23:37]} Bxe6
{[%clk 0:42:05]} 21. Qd3 {[%clk 1:22:29]} d5 {[%clk 0:40:36]} 22. cxd5
{[%clk 1:22:02]} Rfd8 {[%clk 0:36:26]} 23. Rbd1 {[%clk 1:21:01]} Bxd5
{[%clk 0:35:32]} 24. Qf3 {[%clk 1:20:40]} Bxa2 {[%clk 0:34:18]} 25. b5
{[%clk 1:20:20]} Bc4 {[%clk 0:30:48]} 26. bxc6 {[%clk 1:20:38]} bxc6
{[%clk 0:31:12]} 27. Rfe1 {[%clk 1:19:28]} Bb5 {[%clk 0:26:17]} 28. Rxd8+
{[%clk 1:18:33]} Qxd8 {[%clk 0:25:32]} 29. h4 {[%clk 1:16:06]} Qf6
{[%clk 0:20:52]} 30. h5 {[%clk 1:16:01]} gxh5 {[%clk 0:19:41]} 31. Bb1
{[%clk 1:14:29]} Bc4 {[%clk 0:19:24]} 32. Re5 {[%clk 1:13:40]} Qxe5
{[%clk 0:19:14]} 33. fxe5 {[%clk 1:14:03]} Bd5 {[%clk 0:19:24]} 34. Be4
{[%clk 1:14:14]}  1-0

[Event "European Senior Team Championship 2021"]
[Site "Don Giovanni hotel, Vinohradska 2733, Prague, Czech Republic"]
[Date "2021.09.02"]
[Round "4"]
[Board "2"]
[White "Carlsten, Peter"]
[Black "Orlova, Liubov"]
[Result "1/2-1/2"]
[WhiteElo "1945"]
[BlackElo "1988"]
[PlyCount "0"]
[EventDate "2021.08.30"]
[EventType "team"]
[EventRounds "9"]
[EventCountry "ECX"]
[WhiteTeam "SWEDEN 2"]
[BlackTeam "GERMANY 1 WOMEN"]

1. e4 {[%clk 1:30:47]} d6 {[%clk 1:31:08]} 2. d4 {[%clk 1:31:05]} g6
{[%clk 1:31:15]} 3. Nc3 {[%clk 1:31:16]} Bg7 {[%clk 1:31:30]} 4. Be3
{[%clk 1:31:36]} e6 {[%clk 1:30:29]} 5. Qd2 {[%clk 1:31:29]} c6 {[%clk 1:30:05]}
6. f3 {[%clk 1:31:26]} Nd7 {[%clk 1:30:12]} 7. Nge2 {[%clk 1:27:58]} Qc7
{[%clk 1:24:02]} 8. g3 {[%clk 1:26:16]} b6 {[%clk 1:17:40]} 9. Bg2
{[%clk 1:26:18]} Bb7 {[%clk 1:17:41]} 10. O-O {[%clk 1:26:33]} Ngf6
{[%clk 1:13:35]} 11. Bh6 {[%clk 1:24:49]} Bxh6 {[%clk 1:11:20]} 12. Qxh6
{[%clk 1:25:08]} O-O-O 13. Qd2 h5 {[%clk 1:08:25]} 14. h3 {[%clk 1:24:18]} e5
{[%clk 1:02:31]} 15. Rfd1 {[%clk 1:19:17]} Nh7 {[%clk 0:56:27]} 16. a4
{[%clk 1:18:43]} exd4 {[%clk 0:51:10]} 17. Qxd4 {[%clk 1:17:43]} Nc5
{[%clk 0:47:38]} 18. b4 {[%clk 1:16:52]} Ne6 {[%clk 0:47:20]} 19. Qf2
{[%clk 1:14:25]} f5 {[%clk 0:38:21]} 20. exf5 {[%clk 1:04:26]} gxf5
{[%clk 0:38:12]} 21. f4 {[%clk 1:02:32]}  1/2-1/2

[Event "European Senior Team Championship 2021"]
[Site "Don Giovanni hotel, Vinohradska 2733, Prague, Czech Republic"]
[Date "2021.09.02"]
[Round "4"]
[Board "3"]
[White "Kierzek, Mira"]
[Black "Dalling, Peter"]
[Result "0-1"]
[WhiteElo "2003"]
[BlackElo "1828"]
[PlyCount "0"]
[EventDate "2021.08.30"]
[EventType "team"]
[EventRounds "9"]
[EventCountry "ECX"]
[WhiteTeam "GERMANY 1 WOMEN"]
[BlackTeam "SWEDEN 2"]

1. d4 {[%clk 1:30:55]} Nf6 {[%clk 1:30:53]} 2. Nf3 {[%clk 1:31:12]} d5
{[%clk 1:31:10]} 3. c4 {[%clk 1:31:04]} Bf5 {[%clk 1:30:55]} 4. Nc3
{[%clk 1:30:09]} e6 {[%clk 1:31:11]} 5. a3 {[%clk 1:24:46]} Bd6 {[%clk 1:22:44]}
6. e3 {[%clk 1:15:07]} Nbd7 {[%clk 1:19:15]} 7. Qb3 {[%clk 1:04:10]} dxc4
{[%clk 1:18:00]} 8. Bxc4 {[%clk 1:03:10]} Nb6 {[%clk 1:17:22]} 9. Be2
{[%clk 1:03:05]} O-O {[%clk 1:16:44]} 10. O-O {[%clk 1:01:44]} h6
{[%clk 1:09:57]} 11. Nd2 {[%clk 0:55:04]} Ng4 {[%clk 0:59:22]} 12. Nf3
{[%clk 0:49:35]} Nf6 {[%clk 0:58:40]} 13. h3 {[%clk 0:49:28]} g5 {[%clk 0:57:46]}
14. Nd2 {[%clk 0:45:23]} e5 {[%clk 0:52:58]} 15. dxe5 {[%clk 0:39:13]} Bxe5
{[%clk 0:53:12]} 16. Nf3 {[%clk 0:38:24]} Bd6 {[%clk 0:52:36]} 17. Rd1
{[%clk 0:36:09]} Qc8 {[%clk 0:51:48]} 18. Bf1 {[%clk 0:25:29]} g4
{[%clk 0:51:19]} 19. Nd4 {[%clk 0:19:50]} gxh3 {[%clk 0:46:58]} 20. Nxf5
{[%clk 0:18:06]} Qxf5 {[%clk 0:47:12]} 21. e4 {[%clk 0:16:05]} h2+
{[%clk 0:41:08]} 22. Kh1 {[%clk 0:16:24]} Ng4 {[%clk 0:37:14]} 23. Rxd6
{[%clk 0:04:10]} Qxf2 {[%clk 0:34:50]} 24. Be3 {[%clk 0:03:59]} Nxe3
{[%clk 0:34:27]} 25. Ne2 {[%clk 0:01:22]} cxd6 {[%clk 0:33:16]} 26. Kxh2
{[%clk 0:00:46]} Nxf1+ {[%clk 0:33:19]} 27. Rxf1 {[%clk 0:00:54]} Qxf1
{[%clk 0:33:39]} 28. Qg3+ {[%clk 0:01:12]} Kh7 {[%clk 0:32:39]} 29. Nf4
{[%clk 0:01:17]} Rg8 {[%clk 0:31:34]} 30. Qh4 {[%clk 0:01:19]} Rg5
{[%clk 0:29:14]} 31. b3 {[%clk 0:01:17]} Rag8 {[%clk 0:29:30]}  0-1

[Event "European Senior Team Championship 2021"]
[Site "Don Giovanni hotel, Vinohradska 2733, Prague, Czech Republic"]
[Date "2021.09.02"]
[Round "4"]
[Board "4"]
[White "Wihlborn, Bengt"]
[Black "Wagner-Michel, Annett"]
[Result "0-1"]
[WhiteElo "1868"]
[BlackElo "2011"]
[PlyCount "0"]
[EventDate "2021.08.30"]
[EventType "team"]
[EventRounds "9"]
[EventCountry "ECX"]
[WhiteTeam "SWEDEN 2"]
[BlackTeam "GERMANY 1 WOMEN"]

1. Nf3 {[%clk 1:30:51]} d5 {[%clk 1:30:42]} 2. c4 {[%clk 1:31:08]} e6
{[%clk 1:30:55]} 3. e3 {[%clk 1:30:43]} Nf6 {[%clk 1:30:31]} 4. Nc3
{[%clk 1:30:18]} Be7 {[%clk 1:29:24]} 5. Be2 {[%clk 1:29:57]} O-O
{[%clk 1:29:02]} 6. Qc2 {[%clk 1:28:13]} c5 {[%clk 1:28:08]} 7. d4
{[%clk 1:28:08]} Nc6 {[%clk 1:27:01]} 8. O-O {[%clk 1:24:55]} cxd4
{[%clk 1:24:25]} 9. cxd5 {[%clk 1:23:29]} Nb4 {[%clk 1:24:14]} 10. Qb3
{[%clk 1:22:56]} dxc3 {[%clk 1:24:17]} 11. bxc3 {[%clk 1:23:08]} Nbxd5
{[%clk 1:24:23]} 12. Rd1 {[%clk 1:22:50]} Qb6 {[%clk 1:23:33]} 13. Bb2
{[%clk 1:22:17]} Ne4 {[%clk 1:14:33]} 14. Qc2 {[%clk 1:12:35]} Nxf2
{[%clk 1:06:24]} 15. Kxf2 {[%clk 1:12:42]} Nxe3 {[%clk 1:05:47]}  0-1

[Event "European Senior Team Championship 2021"]
[Site "Don Giovanni hotel, Vinohradska 2733, Prague, Czech Republic"]
[Date "2021.09.02"]
[Round "4"]
[Board "1"]
[White "Vrabec, Milos"]
[Black "Jeute, Peter"]
[Result "1-0"]
[WhiteElo "2095"]
[BlackElo "1866"]
[PlyCount "0"]
[EventDate "2021.08.30"]
[EventType "team"]
[EventRounds "9"]
[EventCountry "ECX"]
[WhiteTeam "OLDEST BOYS"]
[BlackTeam "DRESDENER SPRINGER"]

1. c4 {[%clk 1:30:54]} c5 {[%clk 1:30:51]} 2. Nc3 {[%clk 1:31:07]} e6
{[%clk 1:31:13]} 3. Nf3 {[%clk 1:31:31]} d5 {[%clk 1:31:32]} 4. cxd5
{[%clk 1:31:53]} exd5 {[%clk 1:31:53]} 5. d4 {[%clk 1:32:20]} Nc6
{[%clk 1:31:54]} 6. e3 {[%clk 1:24:42]} Nf6 {[%clk 1:32:12]} 7. h3
{[%clk 1:23:53]} Be7 {[%clk 1:32:29]} 8. g4 {[%clk 1:21:13]} c4 {[%clk 1:28:30]}
9. Bg2 {[%clk 1:21:23]} O-O {[%clk 1:28:17]} 10. Ne5 {[%clk 1:16:06]} Be6
{[%clk 1:19:34]} 11. f4 {[%clk 1:06:53]} h6 {[%clk 1:12:40]} 12. O-O
{[%clk 1:03:04]} Bb4 {[%clk 1:02:46]} 13. Bd2 {[%clk 0:50:29]} Bxc3
{[%clk 0:50:04]} 14. Bxc3 {[%clk 0:46:06]} Nxe5 {[%clk 0:42:18]} 15. dxe5
{[%clk 0:45:03]} Ne4 {[%clk 0:42:36]} 16. f5 {[%clk 0:43:21]} Bc8
{[%clk 0:39:27]} 17. Qd4 {[%clk 0:37:08]} Qb6 {[%clk 0:35:45]} 18. Rad1
{[%clk 0:30:24]} Qxd4 {[%clk 0:30:22]} 19. Rxd4 {[%clk 0:30:26]} b5
{[%clk 0:30:39]} 20. Bb4 {[%clk 0:25:58]} Re8 {[%clk 0:29:54]} 21. Rxd5
{[%clk 0:26:14]} a5 {[%clk 0:22:11]} 22. Be1 {[%clk 0:24:21]} Bb7
{[%clk 0:19:46]} 23. Bxe4 {[%clk 0:24:38]} Bxd5 {[%clk 0:20:14]} 24. Bxd5
{[%clk 0:24:56]} Rad8 {[%clk 0:16:35]} 25. e4 {[%clk 0:24:58]} Rxe5
{[%clk 0:16:55]} 26. Bxa5 {[%clk 0:25:14]} Rc8 {[%clk 0:17:06]} 27. Bc3
{[%clk 0:25:06]} Ree8 {[%clk 0:17:17]} 28. a3 {[%clk 0:24:47]} Red8
{[%clk 0:17:10]} 29. Kf2 {[%clk 0:24:07]} Rd7 {[%clk 0:17:07]} 30. Ke3
{[%clk 0:23:56]} Re8 {[%clk 0:16:05]} 31. Kf4 {[%clk 0:24:17]} Rc8
{[%clk 0:16:19]} 32. h4 {[%clk 0:24:40]} Kf8 {[%clk 0:16:05]} 33. g5
{[%clk 0:24:59]}  1-0

[Event "European Senior Team Championship 2021"]
[Site "Don Giovanni hotel, Vinohradska 2733, Prague, Czech Republic"]
[Date "2021.09.02"]
[Round "4"]
[Board "2"]
[White "Mueckan, Friedbert"]
[Black "Valtera, Jiri"]
[Result "1/2-1/2"]
[WhiteElo "1883"]
[BlackElo "1850"]
[PlyCount "0"]
[EventDate "2021.08.30"]
[EventType "team"]
[EventRounds "9"]
[EventCountry "ECX"]
[WhiteTeam "DRESDENER SPRINGER"]
[BlackTeam "OLDEST BOYS"]

1. e4 {[%clk 1:30:53]} c5 {[%clk 1:31:09]} 2. Nf3 {[%clk 1:31:13]} d6
{[%clk 1:31:02]} 3. d4 {[%clk 1:31:32]} cxd4 {[%clk 1:31:12]} 4. Nxd4
{[%clk 1:31:49]} Nf6 {[%clk 1:31:16]} 5. Nc3 {[%clk 1:32:02]} a6 {[%clk 1:31:27]}
6. a4 {[%clk 1:31:08]} Nc6 {[%clk 1:31:33]} 7. Be2 {[%clk 1:30:57]} e6
{[%clk 1:29:41]} 8. Be3 {[%clk 1:30:46]} Be7 {[%clk 1:27:55]} 9. Qd2
{[%clk 1:24:04]} O-O {[%clk 1:26:46]} 10. f3 {[%clk 1:23:16]} Qc7
{[%clk 1:23:45]} 11. O-O {[%clk 1:15:48]} Bd7 {[%clk 1:17:48]} 12. Nb3
{[%clk 1:11:54]} Rac8 {[%clk 1:15:02]} 13. a5 {[%clk 1:11:39]} Ne5
{[%clk 1:11:11]} 14. Bb6 Nc4 15. Bxc4 {[%clk 0:54:44]} Qxc4 {[%clk 1:11:17]} 16.
Rfd1 {[%clk 0:54:35]} e5 {[%clk 1:06:44]} 17. Qf2 {[%clk 0:47:47]} Bc6
{[%clk 1:03:27]} 18. Qf1 {[%clk 0:37:20]} Qxf1+ {[%clk 1:00:44]} 19. Kxf1
{[%clk 0:37:06]} Bd7 {[%clk 0:54:47]} 20. Rd2 {[%clk 0:29:19]} Be6
{[%clk 0:54:30]} 21. Nd5 {[%clk 0:28:11]} Nxd5 {[%clk 0:49:50]} 22. exd5
{[%clk 0:28:30]} Bf5 {[%clk 0:50:07]} 23. c3 {[%clk 0:27:53]} Bd7
{[%clk 0:49:31]} 24. Kf2 {[%clk 0:24:32]} f5 {[%clk 0:47:52]} 25. Rdd1
{[%clk 0:24:20]} g5 {[%clk 0:36:45]} 26. Nd2 {[%clk 0:22:16]} Bb5  1/2-1/2

[Event "European Senior Team Championship 2021"]
[Site "Don Giovanni hotel, Vinohradska 2733, Prague, Czech Republic"]
[Date "2021.09.02"]
[Round "4"]
[Board "3"]
[White "Konvalinka, Vladislav"]
[Black "Kretschmer, Wolfgang"]
[Result "0-1"]
[WhiteElo "1718"]
[BlackElo "1731"]
[PlyCount "0"]
[EventDate "2021.08.30"]
[EventType "team"]
[EventRounds "9"]
[EventCountry "ECX"]
[WhiteTeam "OLDEST BOYS"]
[BlackTeam "DRESDENER SPRINGER"]

1. d4 {[%clk 1:30:54]} Nf6 {[%clk 1:30:53]} 2. c4 {[%clk 1:31:17]} g6
{[%clk 1:31:04]} 3. Nf3 {[%clk 1:31:26]} Bg7 {[%clk 1:31:24]} 4. g3
{[%clk 1:31:44]} O-O {[%clk 1:31:34]} 5. Bg2 {[%clk 1:32:08]} c5 {[%clk 1:29:30]}
6. d5 {[%clk 1:32:16]} d6 {[%clk 1:29:16]} 7. O-O {[%clk 1:32:32]} Nbd7
{[%clk 1:21:55]} 8. Nc3 {[%clk 1:30:23]} a6 {[%clk 1:22:15]} 9. Qc2
{[%clk 1:28:16]} Rb8 {[%clk 1:21:26]} 10. a4 {[%clk 1:28:04]} b6 {[%clk 1:20:25]}
11. Re1 {[%clk 1:24:54]} Qc7 {[%clk 1:12:57]} 12. e4 {[%clk 1:22:43]} Ne8
{[%clk 1:07:59]} 13. Bg5 {[%clk 1:20:34]} Ne5 {[%clk 1:06:57]} 14. Nxe5
{[%clk 1:14:52]} Bxe5 {[%clk 1:06:54]} 15. Bd2 {[%clk 1:10:03]} Bd4
{[%clk 1:02:55]} 16. Be3 {[%clk 1:03:06]} Bg7 {[%clk 1:01:57]} 17. h3
{[%clk 1:02:30]} Bd7 {[%clk 0:50:59]} 18. Bf1 {[%clk 1:00:49]} Qc8
{[%clk 0:43:32]} 19. Kh2 {[%clk 1:00:42]} Nc7 {[%clk 0:43:34]} 20. Rab1
{[%clk 0:52:52]} b5 {[%clk 0:39:40]} 21. b3 {[%clk 0:53:04]} bxc4
{[%clk 0:36:43]} 22. bxc4 {[%clk 0:53:24]} Rb4 {[%clk 0:35:35]} 23. a5
{[%clk 0:50:00]} Qb7 {[%clk 0:32:59]} 24. Na4 {[%clk 0:47:33]} Bxa4
{[%clk 0:31:26]} 25. Rxb4 {[%clk 0:47:21]} Qxb4 {[%clk 0:29:44]}  0-1

[Event "European Senior Team Championship 2021"]
[Site "Don Giovanni hotel, Vinohradska 2733, Prague, Czech Republic"]
[Date "2021.09.02"]
[Round "4"]
[Board "4"]
[White "Baensch, Frank"]
[Black "Lacha, Jan"]
[Result "0-1"]
[WhiteElo "1682"]
[BlackElo "1825"]
[PlyCount "0"]
[EventDate "2021.08.30"]
[EventType "team"]
[EventRounds "9"]
[EventCountry "ECX"]
[WhiteTeam "DRESDENER SPRINGER"]
[BlackTeam "OLDEST BOYS"]

1. e3 {[%clk 1:30:52]} d5 {[%clk 1:30:22]} 2. Nf3 {[%clk 1:30:58]} e6
{[%clk 1:28:24]} 3. c4 {[%clk 1:30:28]} c6 {[%clk 1:26:10]} 4. d4
{[%clk 1:29:23]} f5 {[%clk 1:26:11]} 5. b3 {[%clk 1:26:41]} Nf6 {[%clk 1:26:10]}
6. Nbd2 {[%clk 1:25:54]} Bd6 {[%clk 1:25:00]} 7. c5 {[%clk 1:24:55]} Bc7
{[%clk 1:25:13]} 8. b4 {[%clk 1:24:02]} O-O {[%clk 1:22:11]} 9. h3
{[%clk 1:21:30]} Ne4 {[%clk 1:20:27]} 10. Nxe4 {[%clk 1:20:42]} fxe4
{[%clk 1:20:35]} 11. Ne5 {[%clk 1:18:25]} Qf6 {[%clk 1:19:23]} 12. Ng4
{[%clk 1:15:36]} Qf5 {[%clk 1:19:12]} 13. Qd2 {[%clk 1:12:59]} h5
{[%clk 1:16:28]} 14. Ne5 {[%clk 1:09:47]} Bxe5 {[%clk 1:07:54]} 15. dxe5
{[%clk 1:10:12]} Qxe5 {[%clk 1:03:04]} 16. Bb2 {[%clk 1:10:15]} Qf5
{[%clk 1:03:10]} 17. Rh2 {[%clk 1:06:28]} h4 {[%clk 0:56:00]} 18. Rc1
{[%clk 1:00:54]} b5 {[%clk 0:47:55]} 19. Rc2 {[%clk 1:00:42]} Nd7
{[%clk 0:47:54]} 20. Qe2 {[%clk 0:59:10]} Ne5 {[%clk 0:45:25]} 21. Bxe5
{[%clk 0:46:17]} Qxe5 {[%clk 0:45:43]} 22. Rh1 {[%clk 0:46:33]} a5
{[%clk 0:44:54]} 23. bxa5 {[%clk 0:42:25]} Rxa5 {[%clk 0:44:49]} 24. f4
{[%clk 0:39:57]} exf3 {[%clk 0:44:48]} 25. gxf3 {[%clk 0:40:17]} Qg3+
{[%clk 0:44:17]} 26. Kd2 {[%clk 0:38:54]} Qxf3 {[%clk 0:44:08]} 27. Qxf3
{[%clk 0:39:10]} Rxf3 {[%clk 0:44:35]} 28. Ke2 {[%clk 0:39:18]} Rg3
{[%clk 0:44:52]} 29. Kf2 {[%clk 0:37:48]} Ra3 {[%clk 0:44:29]} 30. Re2
{[%clk 0:37:40]} e5 {[%clk 0:44:11]} 31. Rh2 {[%clk 0:37:19]} Bf5
{[%clk 0:42:45]} 32. Bg2 {[%clk 0:34:03]} Bd3 {[%clk 0:38:14]} 33. Rb2
{[%clk 0:32:58]} e4 {[%clk 0:38:20]} 34. Rh1 {[%clk 0:31:48]} Bc4
{[%clk 0:38:31]} 35. Rd1 {[%clk 0:31:25]} Rgxe3 {[%clk 0:37:21]} 36. Rdd2
{[%clk 0:30:49]} Rg3 {[%clk 0:36:55]}  0-1

[Event "European Senior Team Championship 2021"]
[Site "Don Giovanni hotel, Vinohradska 2733, Prague, Czech Republic"]
[Date "2021.09.02"]
[Round "4"]
[Board "1"]
[White "Lomer, Edmund"]
[Black "Mozna, Eva"]
[Result "1-0"]
[WhiteElo "2013"]
[BlackElo "1905"]
[PlyCount "0"]
[EventDate "2021.08.30"]
[EventType "team"]
[EventRounds "9"]
[EventCountry "ECX"]
[WhiteTeam "GERMAN NORTH TEAM"]
[BlackTeam "CZECH REPUBLIC WOMEN"]

1. Nf3 {[%clk 1:30:55]} d5 {[%clk 1:30:54]} 2. g3 {[%clk 1:31:07]} Nf6
{[%clk 1:31:17]} 3. d4 {[%clk 1:31:21]} g6 {[%clk 1:31:43]} 4. Bg2
{[%clk 1:31:35]} Bg7 {[%clk 1:32:11]} 5. O-O {[%clk 1:31:48]} O-O
{[%clk 1:32:39]} 6. c4 {[%clk 1:32:00]} c6 {[%clk 1:32:19]} 7. cxd5
{[%clk 1:32:07]} cxd5 {[%clk 1:32:46]} 8. Nc3 {[%clk 1:32:09]} Nc6
{[%clk 1:33:13]} 9. Ne5 {[%clk 1:31:34]} Nxe5 {[%clk 1:25:33]} 10. dxe5
{[%clk 1:31:47]} Ng4 {[%clk 1:26:02]} 11. Nxd5 {[%clk 1:28:11]} Nxe5
{[%clk 1:26:19]} 12. Bg5 {[%clk 1:26:19]} Nc6 {[%clk 1:19:49]} 13. Rc1
{[%clk 1:12:43]} Bxb2 {[%clk 1:15:31]} 14. Rxc6 {[%clk 1:11:00]} f6
{[%clk 1:12:43]} 15. Rxc8 {[%clk 1:10:45]} Rxc8 {[%clk 1:12:26]} 16. Bh6
{[%clk 1:10:49]} Re8 {[%clk 1:12:36]} 17. Qb3 {[%clk 1:10:39]} e6
{[%clk 1:11:47]} 18. Qxb7 {[%clk 1:08:59]}  1-0

[Event "European Senior Team Championship 2021"]
[Site "Don Giovanni hotel, Vinohradska 2733, Prague, Czech Republic"]
[Date "2021.09.02"]
[Round "4"]
[Board "2"]
[White "Modrova, Hana"]
[Black "Van Bentum, Horst"]
[Result "1/2-1/2"]
[WhiteElo "1816"]
[BlackElo "1989"]
[PlyCount "0"]
[EventDate "2021.08.30"]
[EventType "team"]
[EventRounds "9"]
[EventCountry "ECX"]
[WhiteTeam "CZECH REPUBLIC WOMEN"]
[BlackTeam "GERMAN NORTH TEAM"]

1. d4 {[%clk 1:30:53]} Nf6 {[%clk 1:30:48]} 2. Nf3 {[%clk 1:31:08]} d5
{[%clk 1:30:41]} 3. Bg5 {[%clk 1:31:12]} Ne4 {[%clk 1:29:55]} 4. Bh4
{[%clk 1:31:04]} c5 {[%clk 1:28:48]} 5. c3 {[%clk 1:27:33]} Qb6 {[%clk 1:24:30]}
6. Qb3 {[%clk 1:26:38]} c4 {[%clk 1:21:34]} 7. Qxb6 {[%clk 1:26:47]} axb6
{[%clk 1:21:55]} 8. Nbd2 {[%clk 1:26:21]} Bf5 {[%clk 1:20:56]} 9. Nxe4
{[%clk 1:24:42]} Bxe4 {[%clk 1:20:55]} 10. Nd2 {[%clk 1:24:40]} Bg6
{[%clk 1:18:31]} 11. e4 {[%clk 1:24:23]} e6 {[%clk 1:16:44]} 12. exd5
{[%clk 1:22:43]} exd5 {[%clk 1:16:43]} 13. Be2 {[%clk 1:23:04]} Be7
{[%clk 1:13:52]} 14. Bxe7 {[%clk 1:22:51]} Kxe7  1/2-1/2

[Event "European Senior Team Championship 2021"]
[Site "Don Giovanni hotel, Vinohradska 2733, Prague, Czech Republic"]
[Date "2021.09.02"]
[Round "4"]
[Board "3"]
[White "Kundt, Guenther"]
[Black "Pribylova, Ruzena"]
[Result "1/2-1/2"]
[WhiteElo "1751"]
[BlackElo "1810"]
[PlyCount "0"]
[EventDate "2021.08.30"]
[EventType "team"]
[EventRounds "9"]
[EventCountry "ECX"]
[WhiteTeam "GERMAN NORTH TEAM"]
[BlackTeam "CZECH REPUBLIC WOMEN"]

1. d4 {[%clk 1:30:56]} Nf6 {[%clk 1:30:35]} 2. c4 {[%clk 1:31:15]} e6
{[%clk 1:29:14]} 3. Nf3 {[%clk 1:31:14]} c5 4. g3 {[%clk 1:26:39]} cxd4
{[%clk 1:25:57]} 5. Nxd4 {[%clk 1:26:25]} d5 {[%clk 1:24:07]} 6. Bg2
{[%clk 1:08:17]} Bb4+ {[%clk 1:19:17]} 7. Bd2 {[%clk 1:02:53]} Bxd2+
{[%clk 1:19:16]} 8. Nxd2 {[%clk 1:00:25]} O-O {[%clk 1:18:00]} 9. O-O
{[%clk 0:59:47]} e5 {[%clk 1:15:59]} 10. N4f3 {[%clk 0:55:12]} Nc6
{[%clk 1:15:58]} 11. cxd5 {[%clk 0:54:07]} Nxd5 {[%clk 1:14:00]} 12. Nc4
{[%clk 0:51:22]}  1/2-1/2